Ils ont participé à un télécrochet - Mort Subite - Statistiques

Statistiques générales
  • Ce quiz a été pris 387 fois
    254 depuis la dernière actualisation
  • Le résultat moyen est 14 sur 30
Answers on the Grid
Answers color-coded by a green-red scale on the quiz's grid according to % correct below.
Amel Bent
Amir
Angele
Aurelie Konaté
Bilal Hassani
Caludio Capéo
Camelia Jordana
Camille Lellouche
Chimene Badi
Christophe Maé
Christophe Willem
Clara Luciani
Coeur de pirate
Dadju
Eddy De Pretto
Elodie Fregé
Emma Peters
Emmanuel Moire
Gims
Gregory Lemarchal
Indila
Jenifer
Joseph Kamel
Julien Doré
Juliette Armanet
Kendji Girac
Les Frero Delavega
Lorie Pester
Louane
M.Pokora
Marina Kaye
Mika
Nekfeu
Nolwenn Leroy
November Ultra
Olivia Ruiz
Pierre de Maere
Pierre Garnier
Quentin Mosimann
Raphaël
Santa
Sheryfa Luna
Slimane
Sofia Essaidi
Soprano
Stromae
Tal
Tayc
Vianney
Vitaa
Ycare
Yseult
Zaho de Sagazan
Zaz
 
Statistiques - réponses
Réponse % Correct
Nouvelle Star Amel Bent
82%
The Voice Amir
74%
Nouvelle Star Christophe Willem
70%
Nouvelle Star Camelia Jordana
66%
Star Academy Jenifer
63%
Star Academy Gregory Lemarchal
61%
The Voice Camille Lellouche
59%
The Voice Kendji Girac
58%
Star Academy Elodie Fregé
57%
Nouvelle Star Julien Doré
57%
The Voice Caludio Capéo
55%
Popstars Chimene Badi
53%
Star Academy Nolwenn Leroy
53%
The Voice Louane
51%
The Voice Slimane
51%
The Voice Bilal Hassani
49%
Star Academy Pierre Garnier
48%
Popstars M.Pokora
46%
The Voice Les Frero Delavega
43%
Star Academy Olivia Ruiz
42%
Star Academy Sofia Essaidi
41%
Star Academy Aurelie Konaté
40%
Star Academy Quentin Mosimann
39%
La France a un incroyable talent Marina Kaye
37%
Popstars Sheryfa Luna
33%
Nouvelle Star Ycare
20%
Nouvelle Star Yseult
20%
Graine de Star Christophe Maé
17%
Nouvelle Star Tayc
13%
The Artist Joseph Kamel
10%
Aucun quiz correspondant
Distribution des résultats
% des personnes avec chaque résultat
Percentile par nombre de réponses
Votre historique - résultats
Vous n’avez pas pris ce quiz depuis la dernière actualisation